| 000 | 02006nam a22003017a 4500 | ||
|---|---|---|---|
| 003 | OSt | ||
| 005 | 20240502173235.0 | ||
| 008 | 230621b |||||||| |||| 00| 0 eng d | ||
| 020 | _a978-950-641-803-8 | ||
| 040 |
_aBiblioteca de Comercio Internacional _cBiblioteca de Comercio Internacional _eRDA |
||
| 041 |
_aspa _hspa |
||
| 082 | _221 | ||
| 092 | _SB7311n | ||
| 100 |
_aBraidot, Néstor Pedro _9584 _cAutor _dInvestigador, |
||
| 245 |
_aNeuromanagement: _bDel management al neuromanagement la revolucion neurocientifica en las organizaciones |
||
| 250 | _asegunda edición | ||
| 260 |
_aBuenos Aires: _bGranica, _c2007 |
||
| 300 |
_a488 páginas; _bTapa blanda, gráficos; _c23 x 17 centímetros |
||
| 336 |
_2rdacontent _aTexto _btxt |
||
| 505 | 2 | _aINDICE -1. del management al neuromanagement. -2. recursos neuronales para la management. -3. conociendo nuestro tablero estratégico cerebral de largo plazo. -4. como percibimos y construimos nuestro tablero decisional. -5. los ojos los iodos y la piel como inputs en la toma de decisiones. -6. el olfato y el gusto como inputs en la toma de decisiones. -7. ¿Qué es la inteligencia? -8. las inteligencias múltiples como input para una conducción organizacional eficaz. -9. la inteligencia emocional y social como input para una conducción organizacional efectiva. -10. inteligencia intuitiva y creatividad en la toma de decisiones. -11. estados neuronales asociados al proceso creativo. -12. del aprendizaje al neoroaprendizaje. -13. como potenciar nuestra capacidad cerebral a través del neoroaprendizaje. -14. el arte de recordar. -15. dimensión temporal y construcción de recuerdos implicancias en neuromanagement. -16. neuromanagement aplicado estimulación neurocognitiva para mejorar el rendimiento cerebral. | |
| 520 | 3 | _aEl libro | |
| 650 | _2COMERCIO INTERNACIONAL | ||
| 653 | _aPLANEAMIENTO ESTRATEGICO | ||
| 653 | _aMODELO DE PLANIFICACION | ||
| 653 | _aFODA | ||
| 653 | _aPLANEAMIENTO INDUSTRIAL | ||
| 942 |
_2ddc _cBK _n0 |
||
| 999 |
_c2026 _d2026 |
||